| 000 | 00321nam a22001337a 4500 | ||
|---|---|---|---|
| 020 | _a9788120340480 | ||
| 040 | _cNUST | ||
| 082 | _a621.402 SOM | ||
| 100 |
_aSoman, K. _975863 |
||
| 245 | _aThermal Engineering | ||
| 260 |
_aNew Delhi: _bPHI Learning, _c2011. |
||
| 650 |
_aThermal Engineering _956622 |
||
| 942 |
_2ddc _cBK |
||
| 999 |
_c590007 _d590007 |
||